000 01244nam0a2200361 4500
001 RU\NLR\bibl\1770228
005 20250616131358.0
010 _a978-5-9233-0841-9
_91000
021 _aRU
_b2011-31462
_92236
035 _a(nilc)RSL-KNO-004937307
035 _a(NLR Aleph) 001761011
090 _a1578302
_c1578302
100 _a20110503d2010 |||y0rusy50 ca
101 0 _arus
102 _aRU
105 _aa |||||||||
200 1 _aСтепь да степь...
_eстепь в русской поэзии XIX-XX века
_e[антология
_fсост. Б. П. Гучков]
210 _aВолгоград
_cИздатель
_d2010
215 _a335, [1] с.
_cил.
_d21
606 1 _aСтепь
_xв художественной литературе
_92563104
_3RU\NLR\auth\661516085
686 _aШ5(2=Р)-65я43
_2rubbk
686 _aШ5(2=Р)-694Степь
_2rubbk
686 _aШ6(2=Р)-5
686 _aШ6(2=Р)-94
702 1 _aГучков
_bБ. П.
_f1950-
_gБорис Петрович
_4220
801 0 _aRU
_bRuMoRKP
_c20110503
_grcr
801 1 _aRU
_bРГБ
_c20110503
801 2 _aRU
_bNLR
_c20110518
_grcr
942 _cBOOK
980 _aNB